Výsledky merania vplyvu zaťaženia hnacích kolies na ťahové vlastnosti traktora

Podrobná bibliografia
Hlavní autori: Bauer, František (Autor), Sedlák, Pavel (Autor)
Médium: Článok
Jazyk:slovenčina
Fyzický popis:Grafy, obr.
ISSN:1335-6178
Predmet:

MARC

LEADER 00000nab a2200000 a 4500
001 vtls000837230
003 SK-MaSNL
005 20260304110721.0
008 250429c2003 xo 0 slo
015 |a SNBRB2003/06-17482 
035 |a CLN000188885 
035 |a urn:nbn:sk:snk-ab1tfc 
035 |a (urnnbn)urn:nbn:sk:snk:ar-a00wq9 
035 |a (uuid)2a35f95e-9e17-4b2b-ad60-0a0c53ace228 
040 |a SNKBUCL  |b slo  |c SNKBUCL  |e AACR2 
041 0 |a slo 
044 |a xo  |c SK 
080 |a 629.114.2.02  |2 1997 
080 |a 631.372  |2 1997 
100 1 |a Bauer, František  |4 aut  |9 286499 
245 1 0 |a Výsledky merania vplyvu zaťaženia hnacích kolies na ťahové vlastnosti traktora  |c František Bauer, Pavel Sedlák 
300 |b Grafy, obr. 
650 0 7 |a traktory kolesové  |x vlastnosti ťahové  |x kolesá hnacie  |x zaťaženie  |2 snkbucl  |9 1409575 
650 0 7 |a kolesá hnacie  |2 snkbucl  |9 1305765 
655 7 |a články z novín a časopisov  |2 snkbucl  |9 267496 
700 1 |a Sedlák, Pavel  |4 aut  |9 776356 
773 0 |t Moderná mechanizácia v poľnohospodárstve  |g Roč. 5, č. 2 (2003), s. 42-43  |x 1335-6178 
850 |a Slovenská národná knižnica 
852 |a Slovenská národná knižnica 
954 |a odborná, vedecká literatúra pôvodná (slovenská)  |2 lita 
958 |a article27 
958 |a OND 
958 |a EUIPO 
992 |a RBX 
999 |c 2861012  |d 2862942